[Event "Blitz 2018"]
[Site "Saint-Petersburg"]
[Date "2018.12.30"]
[Round "13"]
[Board "44"]
[White "Vokhidov Shamsiddin (UZB)"]
[Black "Kazhgaleyev Murtas (KAZ)"]
[Result "1-0"]
[LiveChessVersion "1.4.8"]
[BlackElo "2553"]
[WhiteElo "2414"]

1. e4 {[%clk 0:03:03]} d6 {[%clk 0:03:03]} 2. d4 {[%clk 0:03:04]} Nf6
{[%clk 0:03:04]} 3. Nc3 {[%clk 0:03:05]} e5 {[%clk 0:03:04]} 4. Nf3
{[%clk 0:03:05]} exd4 {[%clk 0:03:05]} 5. Nxd4 {[%clk 0:03:06]} Be7
{[%clk 0:03:06]} 6. Be2 {[%clk 0:03:07]} O-O {[%clk 0:03:06]} 7. Bf4
{[%clk 0:03:08]} c6 {[%clk 0:03:00]} 8. Qd2 {[%clk 0:03:07]} b5 {[%clk 0:02:59]}
9. f3 {[%clk 0:02:47]} b4 {[%clk 0:02:37]} 10. Na4 {[%clk 0:02:47]} Bd7
{[%clk 0:02:33]} 11. b3 {[%clk 0:02:35]} d5 {[%clk 0:02:15]} 12. Nf5
{[%clk 0:02:16]} Bxf5 {[%clk 0:02:12]} 13. exf5 {[%clk 0:02:16]} Nbd7
{[%clk 0:02:09]} 14. O-O {[%clk 0:02:11]} Nb6 {[%clk 0:02:06]} 15. Nxb6
{[%clk 0:02:05]} Qxb6+ {[%clk 0:02:06]} 16. Kh1 {[%clk 0:02:06]} Bc5
{[%clk 0:01:56]} 17. Be5 {[%clk 0:02:03]} Be3 {[%clk 0:01:42]} 18. Qd1
{[%clk 0:01:58]} Nd7 {[%clk 0:01:40]} 19. Bb2 {[%clk 0:01:56]} Rfe8
{[%clk 0:01:35]} 20. a3 {[%clk 0:01:53]} bxa3 {[%clk 0:01:23]} 21. Rxa3
{[%clk 0:01:53]} Bf4 {[%clk 0:01:23]} 22. Bd4 {[%clk 0:01:45]} Qc7
{[%clk 0:01:23]} 23. g3 {[%clk 0:01:38]} Be5 {[%clk 0:01:23]} 24. Bf2
{[%clk 0:01:36]} Re7 {[%clk 0:01:17]} 25. Bd3 {[%clk 0:01:30]} h6
{[%clk 0:01:18]} 26. Re1 {[%clk 0:01:30]} a5 {[%clk 0:01:13]} 27. Qd2
{[%clk 0:01:29]} Bd6 {[%clk 0:01:04]} 28. Raa1 {[%clk 0:01:30]} Nf6
{[%clk 0:01:00]} 29. Bd4 {[%clk 0:01:28]} Be5 {[%clk 0:00:59]} 30. Bxe5
{[%clk 0:01:18]} Rxe5 {[%clk 0:01:00]} 31. Rxe5 {[%clk 0:01:13]} Qxe5
{[%clk 0:01:01]} 32. Rxa5 {[%clk 0:01:13]} Re8 {[%clk 0:01:00]} 33. Kg2
{[%clk 0:01:12]} h5 {[%clk 0:01:00]} 34. c3 {[%clk 0:01:08]} h4 {[%clk 0:01:01]}
35. Ra1 {[%clk 0:01:06]} d4 {[%clk 0:00:58]} 36. Rc1 {[%clk 0:01:00]} Nd5
{[%clk 0:00:58]} 37. Be4 {[%clk 0:00:42]} Nxc3 {[%clk 0:00:49]} 38. Bxc6
{[%clk 0:00:43]} Rb8 {[%clk 0:00:50]} 39. Re1 {[%clk 0:00:40]} Qd6
{[%clk 0:00:49]} 40. Ba4 {[%clk 0:00:34]} Rd8 {[%clk 0:00:43]} 41. Qd3
{[%clk 0:00:33]} Qf6 {[%clk 0:00:41]} 42. Re8+ {[%clk 0:00:31]} Rxe8
{[%clk 0:00:42]} 43. Bxe8 {[%clk 0:00:32]} Qe5 {[%clk 0:00:42]} 44. Bc6
{[%clk 0:00:33]} Na2 {[%clk 0:00:36]} 45. Qe4 {[%clk 0:00:33]} Qf6
{[%clk 0:00:29]} 46. Bd5 {[%clk 0:00:32]} Nc3 {[%clk 0:00:29]} 47. Qe8+
{[%clk 0:00:33]} Kh7 {[%clk 0:00:30]} 48. Bxf7 {[%clk 0:00:31]} h3+
{[%clk 0:00:27]} 49. Kf2 {[%clk 0:00:27]} Qxf5 {[%clk 0:00:22]} 50. Qg8+
{[%clk 0:00:29]} Kh6 {[%clk 0:00:23]} 51. Qh8+ {[%clk 0:00:29]} Qh7
{[%clk 0:00:24]} 52. Qxh7+ {[%clk 0:00:28]} Kxh7 {[%clk 0:00:26]} 53. Be6
{[%clk 0:00:27]} Kg6 {[%clk 0:00:24]} 54. Bxh3 {[%clk 0:00:27]} Kf6
{[%clk 0:00:26]} 55. Bf1 {[%clk 0:00:28]} Ke5 {[%clk 0:00:26]} 56. b4
{[%clk 0:00:28]} Kd5 {[%clk 0:00:26]} 57. Bd3 {[%clk 0:00:27]} Na2
{[%clk 0:00:25]} 58. b5 {[%clk 0:00:28]} Nc1 {[%clk 0:00:26]} 59. Bf1
{[%clk 0:00:25]} Kc5 {[%clk 0:00:27]} 60. Ke1 {[%clk 0:00:25]} Na2
{[%clk 0:00:26]} 61. h4 {[%clk 0:00:25]} Nc3 {[%clk 0:00:27]} 62. Kd2
{[%clk 0:00:26]} Nd5 {[%clk 0:00:24]} 63. Bd3 {[%clk 0:00:26]} Ne7
{[%clk 0:00:24]} 64. g4 {[%clk 0:00:26]} Nd5 {[%clk 0:00:25]} 65. h5
{[%clk 0:00:23]} Nf4 {[%clk 0:00:26]} 66. Kc2 {[%clk 0:00:23]} Kb6
{[%clk 0:00:26]} 67. Bc4 {[%clk 0:00:21]} Kc5 {[%clk 0:00:27]} 68. Kb3
{[%clk 0:00:22]} d3 {[%clk 0:00:28]} 69. Kc3 {[%clk 0:00:21]} d2 {[%clk 0:00:22]}
70. Bb3 {[%clk 0:00:22]} Kxb5 {[%clk 0:00:17]} 71. Kxd2 {[%clk 0:00:23]} Kc5
{[%clk 0:00:17]} 72. Ke3 {[%clk 0:00:24]} Ng2+ {[%clk 0:00:19]} 73. Ke4
{[%clk 0:00:25]} Kd6 {[%clk 0:00:20]} 74. f4 {[%clk 0:00:24]} Ke7
{[%clk 0:00:21]} 75. g5 {[%clk 0:00:24]} Nh4 {[%clk 0:00:19]} 76. Bd5
{[%clk 0:00:25]} Kd6 {[%clk 0:00:19]} 77. f5 {[%clk 0:00:24]} Ke7
{[%clk 0:00:21]} 78. Ke5 {[%clk 0:00:25]} Kf8 {[%clk 0:00:20]} 79. f6
{[%clk 0:00:24]} g6 {[%clk 0:00:19]} 80. h6 {[%clk 0:00:23]} 1-0

[Event "Blitz 2018"]
[Site "Saint-Petersburg"]
[Date "2018.12.30"]
[Round "13"]
[Board "45"]
[White "Fridman Daniel (GER)"]
[Black "Tissir Mohamed (MAR)"]
[Result "1-0"]
[LiveChessVersion "1.4.8"]
[BlackElo "2381"]
[WhiteElo "2530"]

1. d4 {[%clk 0:03:02]} Nf6 {[%clk 0:03:01]} 2. Nf3 {[%clk 0:03:03]} g6
{[%clk 0:03:01]} 3. g3 {[%clk 0:03:04]} Bg7 {[%clk 0:03:02]} 4. Bg2
{[%clk 0:03:05]} O-O {[%clk 0:03:03]} 5. c4 {[%clk 0:03:06]} d6 {[%clk 0:02:58]}
6. Nc3 {[%clk 0:03:07]} a6 {[%clk 0:02:59]} 7. O-O {[%clk 0:03:07]} c6
{[%clk 0:02:56]} 8. Bf4 {[%clk 0:02:39]} b5 {[%clk 0:02:55]} 9. c5
{[%clk 0:02:23]} dxc5 {[%clk 0:02:24]} 10. dxc5 {[%clk 0:02:24]} Nfd7
{[%clk 0:02:26]} 11. Be3 {[%clk 0:02:23]} a5 {[%clk 0:02:22]} 12. Nd4
{[%clk 0:02:17]} b4 {[%clk 0:02:14]} 13. Na4 {[%clk 0:02:16]} Qc7
{[%clk 0:02:13]} 14. Qd2 {[%clk 0:02:07]} Ba6 {[%clk 0:01:31]} 15. Rfd1
{[%clk 0:02:08]} e5 {[%clk 0:00:57]} 16. Nxc6 {[%clk 0:02:05]} Nxc6
{[%clk 0:00:50]} 17. Qxd7 {[%clk 0:02:05]} Qxd7 {[%clk 0:00:45]} 18. Rxd7 Bb5 19.
Nb6 {[%clk 0:02:06]} Rad8 {[%clk 0:00:46]} 20. Bxc6 {[%clk 0:01:09]} Bxc6
{[%clk 0:00:45]} 21. Rd6 {[%clk 0:01:10]} Bb5 {[%clk 0:00:40]} 22. Rad1
{[%clk 0:01:11]} Rxd6 {[%clk 0:00:22]} 23. Rxd6 {[%clk 0:01:11]} Re8
{[%clk 0:00:11]} 24. Nd5 {[%clk 0:00:54]} Bxe2 {[%clk 0:00:07]} 25. c6
{[%clk 0:00:54]} Bf8 26. Nf6+ {[%clk 0:00:54]} 1-0

[Event "Blitz 2018"]
[Site "Saint-Petersburg"]
[Date "2018.12.30"]
[Round "13"]
[Board "46"]
[White "Popov Ivan (RUS)"]
[Black "Yu Yangyi (CHN)"]
[Result "1/2-1/2"]
[LiveChessVersion "1.4.8"]
[BlackElo "2804"]
[WhiteElo "2560"]

1. e4 {[%clk 0:03:03]} c5 {[%clk 0:03:04]} 2. Nf3 {[%clk 0:03:04]} Nc6
{[%clk 0:03:05]} 3. Bb5 {[%clk 0:03:05]} g6 {[%clk 0:03:06]} 4. Bxc6
{[%clk 0:03:05]} dxc6 {[%clk 0:03:07]} 5. d3 {[%clk 0:03:06]} Bg7
{[%clk 0:03:09]} 6. h3 {[%clk 0:03:03]} Nf6 {[%clk 0:03:09]} 7. Nc3
{[%clk 0:03:02]} Nd7 {[%clk 0:03:09]} 8. O-O {[%clk 0:02:58]} e5 {[%clk 0:03:09]}
9. Be3 {[%clk 0:02:59]} b6 {[%clk 0:03:04]} 10. Qd2 {[%clk 0:02:58]} h6
{[%clk 0:03:05]} 11. Nh2 {[%clk 0:02:55]} Nf8 {[%clk 0:03:05]} 12. Rae1
{[%clk 0:02:32]} Ne6 {[%clk 0:02:57]} 13. Ne2 {[%clk 0:02:33]} Qe7
{[%clk 0:02:19]} 14. f4 {[%clk 0:02:30]} exf4 {[%clk 0:02:15]} 15. Nxf4
{[%clk 0:02:31]} Nxf4 {[%clk 0:02:12]} 16. Bxf4 {[%clk 0:02:31]} g5
{[%clk 0:01:58]} 17. Bg3 {[%clk 0:02:28]} Be6 {[%clk 0:01:57]} 18. b3
{[%clk 0:02:25]} O-O-O {[%clk 0:01:54]} 19. Ng4 {[%clk 0:02:05]} h5
{[%clk 0:01:48]} 20. Ne3 {[%clk 0:02:05]} Bd4 {[%clk 0:01:26]} 21. Kh1
{[%clk 0:02:05]} h4 {[%clk 0:01:23]} 22. Bh2 {[%clk 0:02:05]} Bxe3
{[%clk 0:01:02]} 23. Qxe3 {[%clk 0:02:05]} Rhg8 {[%clk 0:01:02]} 24. Re2
{[%clk 0:01:30]} Rg6 {[%clk 0:01:03]} 25. Ref2 {[%clk 0:01:24]} Rdg8
{[%clk 0:01:03]} 26. a4 {[%clk 0:01:15]} a5 {[%clk 0:01:01]} 27. d4
{[%clk 0:01:05]} cxd4 {[%clk 0:00:58]} 28. Qxd4 {[%clk 0:01:06]} Kb7
{[%clk 0:00:56]} 29. Rf6 {[%clk 0:00:48]} Rxf6 {[%clk 0:00:50]} 30. Rxf6
{[%clk 0:00:33]} Rd8 {[%clk 0:00:50]} 31. Qf2 {[%clk 0:00:34]} Rd1+
{[%clk 0:00:45]} 32. Bg1 {[%clk 0:00:35]} Rc1 {[%clk 0:00:43]} 33. Qxb6+
{[%clk 0:00:34]} Kc8 {[%clk 0:00:34]} 34. Qxc6+ {[%clk 0:00:35]} Qc7
{[%clk 0:00:36]} 35. Qe8+ {[%clk 0:00:27]} Qd8 {[%clk 0:00:32]} 36. Rxe6
{[%clk 0:00:18]} fxe6 {[%clk 0:00:32]} 37. Qxe6+ {[%clk 0:00:19]} Kb7
{[%clk 0:00:30]} 38. Qf7+ {[%clk 0:00:16]} Kc8 {[%clk 0:00:27]} 39. Qf5+
{[%clk 0:00:15]} Kb7 {[%clk 0:00:28]} 40. Qb5+ {[%clk 0:00:15]} Kc8
{[%clk 0:00:27]} 41. Qa6+ {[%clk 0:00:16]} Kd7 {[%clk 0:00:27]} 42. Qb5+
{[%clk 0:00:16]} Kc8 {[%clk 0:00:27]} 43. Qc6+ {[%clk 0:00:15]} Kb8
{[%clk 0:00:24]} 44. Qb5+ {[%clk 0:00:14]} Kc8 {[%clk 0:00:25]} 45. Qc5+
{[%clk 0:00:15]} Kb7 {[%clk 0:00:24]} 46. Qa7+ {[%clk 0:00:12]} Kc6
{[%clk 0:00:21]} 47. Qc5+ Kb7 48. Qb5+ {[%clk 0:00:10]} Kc8 {[%clk 0:00:24]} 49.
Qf5+ {[%clk 0:00:10]} Kb7 {[%clk 0:00:25]} 50. Qb5+ {[%clk 0:00:10]} Kc8
{[%clk 0:00:27]} 1/2-1/2

[Event "Blitz 2018"]
[Site "Saint-Petersburg"]
[Date "2018.12.30"]
[Round "13"]
[Board "47"]
[White "Ragger Markus (AUT)"]
[Black "Maslak Konstantin (RUS)"]
[Result "0-1"]
[LiveChessVersion "1.4.8"]
[BlackElo "2537"]
[WhiteElo "2677"]

1. e4 {[%clk 0:03:03]} d6 {[%clk 0:03:02]} 2. d4 {[%clk 0:03:04]} Nf6
{[%clk 0:03:03]} 3. Bd3 {[%clk 0:03:06]} g6 {[%clk 0:02:59]} 4. Nf3
{[%clk 0:03:06]} Bg7 {[%clk 0:02:59]} 5. O-O {[%clk 0:03:06]} O-O
{[%clk 0:02:58]} 6. c3 {[%clk 0:03:07]} Nc6 {[%clk 0:02:32]} 7. h3
{[%clk 0:03:08]} e5 {[%clk 0:02:31]} 8. Re1 {[%clk 0:03:08]} h6 {[%clk 0:02:23]}
9. Na3 {[%clk 0:03:09]} a6 {[%clk 0:02:19]} 10. Nc2 {[%clk 0:03:09]} b6
{[%clk 0:02:08]} 11. a4 {[%clk 0:03:03]} Bb7 {[%clk 0:02:01]} 12. b4
{[%clk 0:03:04]} Re8 {[%clk 0:01:43]} 13. Bb2 {[%clk 0:02:42]} Qe7
{[%clk 0:01:11]} 14. d5 {[%clk 0:02:33]} Nb8 {[%clk 0:01:08]} 15. a5
{[%clk 0:02:34]} b5 {[%clk 0:00:59]} 16. c4 {[%clk 0:02:32]} bxc4
{[%clk 0:00:58]} 17. Bxc4 {[%clk 0:02:33]} Nbd7 {[%clk 0:00:52]} 18. Bb3
{[%clk 0:02:23]} Nh5 {[%clk 0:00:47]} 19. Ba4 {[%clk 0:02:19]} Nf4
{[%clk 0:00:45]} 20. Ne3 {[%clk 0:02:12]} Rec8 {[%clk 0:00:45]} 21. Bc6
{[%clk 0:01:56]} Bxc6 {[%clk 0:00:42]} 22. dxc6 {[%clk 0:01:57]} Nf6
{[%clk 0:00:43]} 23. Nd5 {[%clk 0:01:55]} N6xd5 {[%clk 0:00:37]} 24. exd5
{[%clk 0:01:56]} Rcb8 {[%clk 0:00:36]} 25. Qd2 {[%clk 0:01:47]} Qf6
{[%clk 0:00:33]} 26. Ra3 {[%clk 0:01:37]} Rb5 {[%clk 0:00:33]} 27. Rxe5
{[%clk 0:00:28]} dxe5 {[%clk 0:00:29]} 28. Bxe5 {[%clk 0:00:29]} Rxd5
{[%clk 0:00:14]} 29. Bxf6 {[%clk 0:00:28]} Rxd2 {[%clk 0:00:15]} 30. Nxd2
{[%clk 0:00:30]} Bxf6 {[%clk 0:00:14]} 31. Rf3 {[%clk 0:00:13]} Be5
{[%clk 0:00:10]} 32. Nc4 {[%clk 0:00:14]} f6 {[%clk 0:00:06]} 33. Re3
{[%clk 0:00:09]} Re8 {[%clk 0:00:04]} 34. Re4 {[%clk 0:00:06]} g5
{[%clk 0:00:05]} 35. Kf1 {[%clk 0:00:07]} Nd5 {[%clk 0:00:05]} 36. g3
{[%clk 0:00:08]} Rb8 {[%clk 0:00:05]} 37. Nxe5 {[%clk 0:00:09]} fxe5
{[%clk 0:00:06]} 38. Rxe5 {[%clk 0:00:11]} Nxb4 {[%clk 0:00:07]} 39. Re6
{[%clk 0:00:11]} Rb5 {[%clk 0:00:05]} 40. Rxh6 {[%clk 0:00:12]} Rxa5 41. Rg6+
{[%clk 0:00:12]} Kf7 {[%clk 0:00:08]} 42. Rh6 {[%clk 0:00:13]} Kg7
{[%clk 0:00:09]} 43. Re6 {[%clk 0:00:15]} Kf7 {[%clk 0:00:09]} 44. Rh6
{[%clk 0:00:16]} Ke7 {[%clk 0:00:10]} 45. Kg2 {[%clk 0:00:13]} Rc5
{[%clk 0:00:11]} 46. Rh7+ {[%clk 0:00:12]} Kd6 {[%clk 0:00:13]} 47. Rh6+
{[%clk 0:00:13]} Kd5 {[%clk 0:00:13]} 48. Rg6 {[%clk 0:00:13]} Kd4
{[%clk 0:00:13]} 49. f4 {[%clk 0:00:13]} gxf4 {[%clk 0:00:14]} 50. gxf4
{[%clk 0:00:15]} Rxc6 {[%clk 0:00:15]} 51. f5 {[%clk 0:00:16]} Rxg6+
{[%clk 0:00:09]} 52. fxg6 {[%clk 0:00:17]} Nd5 {[%clk 0:00:11]} 53. Kg3
{[%clk 0:00:14]} Ke5 {[%clk 0:00:11]} 54. h4 {[%clk 0:00:07]} Kf6 55. h5 a5
{[%clk 0:00:13]} 56. Kf3 {[%clk 0:00:08]} a4 {[%clk 0:00:14]} 57. Ke4
{[%clk 0:00:10]} a3 {[%clk 0:00:11]} 58. Kd4 Ke5+ 0-1

[Event "Blitz 2018"]
[Site "Saint-Petersburg"]
[Date "2018.12.30"]
[Round "13"]
[Board "48"]
[White "Demidov Mikhail (RUS)"]
[Black "Esipenko Andrey (RUS)"]
[Result "1/2-1/2"]
[LiveChessVersion "1.4.8"]
[BlackElo "2673"]
[WhiteElo "2546"]

1. b3 {[%clk 0:03:02]} d5 {[%clk 0:03:03]} 2. Bb2 {[%clk 0:03:03]} Bf5
{[%clk 0:03:03]} 3. e3 {[%clk 0:03:01]} e6 {[%clk 0:03:03]} 4. Nf3
{[%clk 0:03:01]} Nf6 {[%clk 0:03:00]} 5. Be2 {[%clk 0:03:02]} h6 {[%clk 0:03:01]}
6. c4 {[%clk 0:03:03]} c6 {[%clk 0:03:01]} 7. O-O {[%clk 0:03:02]} Nbd7
{[%clk 0:03:02]} 8. cxd5 {[%clk 0:02:56]} cxd5 {[%clk 0:02:53]} 9. Nc3
{[%clk 0:02:57]} a6 {[%clk 0:02:54]} 10. Rc1 {[%clk 0:02:54]} Bd6
{[%clk 0:02:55]} 11. d3 {[%clk 0:02:54]} Bh7 {[%clk 0:02:55]} 12. Re1
{[%clk 0:02:44]} O-O {[%clk 0:02:55]} 13. Bf1 {[%clk 0:02:45]} Rc8
{[%clk 0:02:51]} 14. a3 {[%clk 0:02:42]} Qe7 {[%clk 0:02:48]} 15. b4
{[%clk 0:02:43]} Rc7 {[%clk 0:02:47]} 16. e4 {[%clk 0:02:18]} dxe4
{[%clk 0:02:46]} 17. dxe4 {[%clk 0:02:19]} Ng4 {[%clk 0:02:34]} 18. Nb1
{[%clk 0:01:25]} Rxc1 {[%clk 0:01:49]} 19. Qxc1 Nge5 20. Nbd2 {[%clk 0:01:13]}
Qd8 {[%clk 0:01:24]} 21. Nxe5 {[%clk 0:00:45]} Nxe5 {[%clk 0:01:24]} 22. Nc4
{[%clk 0:00:31]} Nxc4 {[%clk 0:01:22]} 23. Qxc4 {[%clk 0:00:32]} Qg5
{[%clk 0:01:07]} 24. e5 {[%clk 0:00:28]} Bb8 {[%clk 0:00:57]} 25. Qc3
{[%clk 0:00:09]} Ba7 {[%clk 0:00:55]} 26. Rd1 {[%clk 0:00:08]} Be4
{[%clk 0:00:53]} 27. Bc1 {[%clk 0:00:09]} Qf5 {[%clk 0:00:50]} 28. Be3
{[%clk 0:00:09]} Bxe3 {[%clk 0:00:42]} 29. Qxe3 {[%clk 0:00:10]} Bd5
{[%clk 0:00:43]} 30. h3 {[%clk 0:00:09]} Rc8 {[%clk 0:00:42]} 31. Bd3
{[%clk 0:00:08]} Qh5 {[%clk 0:00:42]} 32. Be2 {[%clk 0:00:10]} Qg5
{[%clk 0:00:29]} 33. Qxg5 {[%clk 0:00:11]} hxg5 {[%clk 0:00:30]} 34. Bf3
{[%clk 0:00:12]} Bxf3 {[%clk 0:00:30]} 35. gxf3 {[%clk 0:00:13]} Rc3
{[%clk 0:00:29]} 36. Kg2 {[%clk 0:00:13]} b5 {[%clk 0:00:25]} 37. Kg3
{[%clk 0:00:10]} Rxa3 {[%clk 0:00:25]} 38. Rd6 {[%clk 0:00:08]} Kh7
{[%clk 0:00:24]} 39. Rb6 {[%clk 0:00:06]} Kg6 {[%clk 0:00:25]} 40. Kg4
{[%clk 0:00:06]} Ra4 {[%clk 0:00:26]} 41. Kg3 {[%clk 0:00:07]} Kf5
{[%clk 0:00:22]} 42. Rb7 {[%clk 0:00:08]} Rxb4 {[%clk 0:00:18]} 43. Rxf7+
{[%clk 0:00:09]} Kxe5 {[%clk 0:00:20]} 44. Rxg7 {[%clk 0:00:10]} Kf6
{[%clk 0:00:21]} 45. Ra7 {[%clk 0:00:11]} Ra4 {[%clk 0:00:22]} 46. f4
{[%clk 0:00:10]} gxf4+ {[%clk 0:00:20]} 47. Kg4 {[%clk 0:00:11]} b4
{[%clk 0:00:18]} 48. h4 {[%clk 0:00:12]} a5 {[%clk 0:00:16]} 49. h5
{[%clk 0:00:13]} b3 {[%clk 0:00:16]} 50. h6 {[%clk 0:00:12]} Ra1 {[%clk 0:00:14]}
51. h7 {[%clk 0:00:10]} Rh1 {[%clk 0:00:14]} 52. Rxa5 {[%clk 0:00:11]} Rxh7 53.
Rb5 Rg7+ {[%clk 0:00:10]} 54. Kxf4 {[%clk 0:00:13]} Rg2 {[%clk 0:00:10]} 55. Kf3
{[%clk 0:00:13]} Rh2 {[%clk 0:00:10]} 56. Ke4 Ke5+ 1/2-1/2